000 01660nam0a2200397 4500
001 RU\NLR\BIBL_A\022556056
005 20260420045259.0
010 _a978-5-389-28198-1
_bКоллекция гурмана. Мечта гурмана
_97800
010 _a978-5-389-28159-2
_bКоллекция гурмана. Мечта гурмана
_92500
010 _a978-5-389-28449-4
021 _aRU
_bКН-П-25-020807
_9КН-П-25-2107
035 _a(NLR Aleph) 022556056
090 _a13674082
_c13674082
100 _a20250602d2025 u y0rusy50 ca
101 0 _arus
102 _aRU
105 _aa z 000yy
181 0 _ab3
_bbb2e
181 0 _ai2
_baxxe
182 0 _an
200 1 _aМечта гурмана
_fрецепты: Кеда Блейк [и др.]
_gперевод с французского Александры Ратай
_gфотографии: Клайв Боззард-Хилл [и др.]
203 _aИзображение
_aТекст
_bвизуальные
_cнепосредственные
210 _aМосква
_cАзбука-Аттикус, КоЛибри
_d2025
215 _a95 с.
_cцв. ил.
_d22
225 1 _aКоллекция гурмана
225 1 _aПростые и вкусные рецепты!
333 _a16+
606 1 _aКулинария
_xРецептура
_92080572
_3RU\NLR\AUTH\661256513
686 1 _aЛ997
702 1 _aБлейк
_bК.
_gКеда
_4570
702 1 _4600
_7ca
_8rus
_aБоззард-Хилл
_bК.
_gКлайв
_92650234
_3RU\NLR\AUTH\770278267
942 _cBOOK
980 _aNB